000 00304nam a22001217a 4500
008 230717b xxu||||| |||| 00| 0 eng d
082 _a370.2
_bEST
110 _bExpress Communication Ltd
245 _aKenya Education Directory
260 _bExpress Communication Ltd
300 _a448p
942 _2ddc
_cBK
999 _c3975
_d3975